000
00202 a2200097 4500
020
_a
9780060872236
041
_a
spa
100
_a
Henkes, Kevin
245
_a
La primera luna llena de gatita
942
_c
BK
999
_c
11199
_d
11199